Born in Berlin - Statistics

General Stats
  • This quiz has been taken 39 times
    34 since last reset
  • The average score is 6 of 26
Answer Stats
Hinweis Antwort % Correct
Last German Emperor ("Kaiser") and King of Prussia. His foreign policy is seen by many as one of the causes for the outbreak of World War I. 1859 Wilhelm II.
83%
Important polymath, explorer and geographer. His famous brother founded one of Berlin's universities. 1769 Alexander von Humboldt
59%
Actress and Hollywood-Icon 1901 Marlene Dietrich
59%
highly controversial Director. She produced some of the most important works of Nazi propaganda. 1902 Leni Riefenstahl
45%
German International Footballer, FC Chelsea 1993 Antonio Rüdiger
34%
former Croatian Football player, former Coach of Bayern Munich and Eintracht Frankfurt, now working for AS Monaco 1971 Niko Kovac
34%
German NBA player, Orlando Magic 2001 Franz Wagner
24%
German International Footballer, Bayern München 1988 Jerome Boateng
24%
German NBA player, Orlando Magic 1997 Moritz Wagner
24%
Foreign minister during the Weimar Republic and receiver of the Nobel Peace Prize 1878 Gustav Stresemann
21%
Actress, "Perfume" "Fack ju Göhte" 1984 Karoline Herfurth
21%
Often regarded as the Inventor of the modern computer 1910 Konrad Zuse
21%
Important modern Architect and Founder of "Bauhaus". 1883 Walter Gropius
21%
former NFL player Defensive End at Florida State and active for the Indianapolis Colts 1990 Björn Werner
17%
Actress "Fack ju Göhte" "Kidnapping Stella" 1991 Jella Haase
17%
british Actor, "Lord of the Rings" 1976 Dominic Monaghan
14%
DJ and Singer, "Sky and Sand" 1981 Fritz Kalkbrenner
14%
Former Swimmer and winner of Olympic gold medals. 1978 Franziska van Almsick
10%
German International Footballer, Bayer Leverkusen 1990 Karim Bellarabi
10%
Speed skaterin and winner of five Olympic gold medals. 1972 Claudia Pechstein
7%
german Actor, "Victoria" 1989 Frederick Lau
7%
Actress, "System Crasher" "News of the World" 2008 Helena Zengel
7%
one of the most important Journalists and Writer of the Weimar Republic 1890 Kurt Tucholsky
7%
german Actor, "Inglorious Basterds" 1976 August Barth
3%
Painter and leading proponent of Impressionism 1847 Max Liebermann
3%
German-Swedish poet and playwright. She was awarded with the Nobel Prize in Literature. 1891 Nelly Sachs
3%
No matching quizzes found
Score Distribution
Percent of People with Each Score
Percentile by Number Answered
Your Score History
You have not taken this quiz since the last reset